Un joven llamado José /
Salvato in:
| Autore principale: | |
|---|---|
| Natura: | Libro |
| Lingua: | Spanish |
| Pubblicazione: |
San José, Costa Rica:
Promesa,
2006.
|
| Serie: | Relatos
4 |
| Soggetti: | |
| Tags: |
Aggiungi Tag
Nessun Tag, puoi essere il primo ad aggiungerne!!
|
MARC
| LEADER | 00000nam a2200000 4500 | ||
|---|---|---|---|
| 008 | 150925s2006 |r|||| 000 0 spa d | ||
| 020 | |a 9968410950 | ||
| 040 | |a CIICLA | ||
| 041 | |a spa | ||
| 082 | |a 242.8 |b N761-j | ||
| 100 | 1 | |a Noda Nuñez, María Rosa | |
| 245 | 1 | 3 | |a Un joven llamado José / |c María Rosa Noda |
| 260 | |a San José, Costa Rica: |b Promesa, |c 2006. | ||
| 300 | |a 58 páginas | ||
| 490 | 1 | |a Relatos |v 4 | |
| 505 | |t María regresa de Ain-Karin -- El nacimiento de Jesús -- La circunsición -- La Presentación -- Hacia Egipto -- El regreso de egipto -- Se nos ha perdido Jesús. | ||
| 650 | 1 | 4 | |a JOSE, SANTO |
| 942 | |2 ddc |c BK | ||
| 999 | |c 4502 |d 4502 | ||



